| 000 | 00542nam a2200181 i 4500 | ||
|---|---|---|---|
| 001 | 39754 | ||
| 003 | ES-MaACL | ||
| 005 | 20260201161011.0 | ||
| 007 | t| | ||
| 008 | 030304s1966 sp ||||1| spa d | ||
| 100 | 1 |
_aCampo del Pozo, Fernando. _934210 |
|
| 245 | 1 | 0 |
_aFilosofía del derecho según San Agustín... / _cFernando Campo del Pozo. |
| 260 |
_aValladolid : _bArchivo Agustiniano, _c1966. |
||
| 300 |
_a222 p. ; _c21 cm. |
||
| 710 | 0 |
_aArchivo Agustiniano _91420 |
|
| 852 |
_aES-MaACL _jC-30762 _bR.60610 |
||
| 999 |
_c39754 _d39754 |
||